| Tag |
First Indicator |
Second Indicator |
Subfields |
| LEADER |
00000pam a2200000 4500 |
| 001 |
in00000146621 |
| 005 |
20151004070136.0 |
| 008 |
720508r19721916nyu 00000 eng d |
| 010 |
|
|
|a 72003620
|
| 020 |
|
|
|a 0838315771
|
| 035 |
|
|
|a (OCoLC)00320011
|
| 035 |
|
|
|9 AAR0581AM
|
| 040 |
|
|
|a DLC
|c DLC
|d TXA
|d UtOrBLW
|
| 049 |
|
|
|a TXAM
|c [956180]
|
| 050 |
0 |
0 |
|a PR5907
|b .H6 1972
|
| 082 |
0 |
|
|a 821/.8
|
| 100 |
1 |
|
|a Hone, Joseph M.
|q (Joseph Maunsell),
|d 1882-1959.
|
| 245 |
1 |
0 |
|a William Butler Yeats ;
|b the poet in contemporary Ireland.
|
| 264 |
|
1 |
|a New York :
|b Haskell House Publishers,
|c 1972.
|
| 300 |
|
|
|a 134 pages ;
|c 23 cm.
|
| 336 |
|
|
|a text
|b txt
|2 rdacontent
|
| 337 |
|
|
|a unmediated
|b n
|2 rdamedia
|
| 338 |
|
|
|a volume
|b nc
|2 rdacarrier
|
| 500 |
|
|
|a Reprint of the 1916 edition, issued in series: Irishmen of today.
|
| 600 |
1 |
0 |
|a Yeats, W. B.
|q (William Butler),
|d 1865-1939.
|
| 830 |
|
0 |
|a Irishmen of today (London, Dublin, 1916- )
|
| 999 |
|
|
|a MARS
|
| 999 |
f |
f |
|s 3afd91e9-3b08-33be-9b9b-326449721e3f
|i 574caf3a-1254-37be-8978-afc3e40e01dd
|t 0
|
| 952 |
f |
f |
|p normal
|a Texas A&M University
|b College Station
|c Sterling C. Evans Library
|d Evans: Library Stacks
|t 0
|e PR5907 .H6 1972
|h Library of Congress classification
|i unmediated -- volume
|m A14803986731
|
| 998 |
f |
f |
|a PR5907 .H6 1972
|t 0
|l Evans: Library Stacks
|